Akidah Islam : pola hidup manusia beriman

Bibliographic Details
Main Author: Sayid Sabiq
Format: Book
Published: Singapura : Pustaka Nasional , 1991
Subjects:

MARC

LEADER 00000cam a2200000 7i4500
001 0000004876
002 000005259
005 20000330.0
020 |a 997177304X 
090 0 0 |a 297.5   |b SAY 
100 0 |a Sayid Sabiq 
245 1 0 |a Akidah Islam :   |b pola hidup manusia beriman   |c Sayid Sabiq 
260 |a Singapura :   |b Pustaka Nasional ,   |c 1991 
300 |a 419p. ;   |c 22cm. 
650 0 0 |a Islamic Aqidah 
650 0 0 |a Theology, Islam 
999 |a 034793   |b BUKU   |c PINJAMAN   |e PERPUSTAKAAN KOMUNITI PETALING JAYA 
999 |a 034794   |b BUKU   |c PINJAMAN   |e PERPUSTAKAAN KOMUNITI PETALING JAYA